banner-ar

معجم المصطلحات التربوية : (Record no. 62761)

MARC details
000 -الفاتح
حقل البيانات ثابتة الطول 00953nam a22002297a 4500
005 - وقت وتاريخ اخر تعامل مع التسجيلة
رقم الضبط 20240530110606.0
008 - عناصر البيانات ثابتة الطول - معلومات عامة
حقل البيانات ثابتة الطول 161106s2015 ua g db 000 0 ara d
017 ## - رقم الايداع القانونى
رقم الايداع القانونى 2014/20404
المصدر ( الهيئة المختصة) مصر. دار الكتب
020 ## - الرقم الدولى المعيارى للكتب
الرقم الدولى المعيارى للكتاب 9789770529362
040 ## - مصدر الفهرسة
وكالة الفهرسة الأصلية EG-CaGPL
وكالة النسخ EG-CaGPL
082 ## - رقم تصنيف ديوى العشرى
رقم الطبعة 21
رقم التصنيف 370.003\
رقم المادة م م
100 0# - المدخل الرئيسى - إسم شخصى
الإسم الشخصى مصطفى حسين باهى
245 10 - بيان العنوان
العنوان معجم المصطلحات التربوية :
بقية العنوان التربية العامة - التربية الخاصة /
بيان المسئوليه,etc تاليف مصطفى حسين باهى ، منى احمد الازهرى
250 ## - بيان الطبعة
بيان الطبعة ط. 1
260 ## - PUBLICATION, DISTRIBUTION, ETC. (IMPRINT)
تاريخ النشر أو التوزيع 2015 .
300 ## - الوصف المادى
التعداد 1104 ص. ؛
أبعاد الوعاء 24 سم .
504 ## - تبصرة ببليوجرافية
تبصرة ببليوجرافية,الخ يشتمل على ارجاعات ببليوجرافية
650 07 - المدخل الاضافى بالموضوع-مصطلح موضوعى
مصدر الرأس أو المصطلح qrmak
مصطلح موضوعي التربية
التقسيم الفرعي الشكلي معاجم
700 0# - المدخل الاضافى - اسم شخصى
الإسم الشخصى منى احمد الازهرى
الدور مؤلف مشارك
942 ## - عناصر المدخل الإضافي( كوها)
مصدر التصنيف او مخطط الترفيف Dewey Decimal Classification
Koha [default] item type كتاب
260 ## - PUBLICATION, DISTRIBUTION, ETC. (IMPRINT)
-- القاهرة :
-- مكتبة الانجلو المصرية ،
Holdings
حالة التراجع حالة الفقد حالة تلف ليس للاعارة المكان المؤقت الموقع الحالى تاريخ الاكتساب اجمالي اﻻعارات رقم الطلب الباركود تاريخ اخر مشاهدة تاريخ تفعيل السعر نوع وعاء كوها
        مكتبة القاهرة الكبرى مكتبة القاهرة الكبرى 11/06/2016   370.003\ م م 162614 11/06/2016 11/06/2016 كتاب

Powered By

EGPV